000 004960000a22001810004500
003 MACL
005 20151001165218.0
008 151001b xxu||||| |||| 00| 0 eng d
040 _aMACL
_cMACL
041 _aEnglish
082 _a900/BHA
100 _aBhattacharyya, Amit
_913150
245 _aA Short History of The Chinese Civilization The Beginning
_b2207 BC to 221 BC
260 _bReaders Service
_c2007
_aKolkata
350 _a150
650 _aHistory
_913152
942 _cBK
_k900/BHA
_2ddc
999 _c42239
_d42239